Bosques mesófilos de montaña de México: (Registro nro. 17738)

Detalles MARC
000 -CABECERA
Campo de control 02112nam a22003017a 4500
005 - FECHA Y HORA DE LA ULTIMA TRANSACCION
Campo de control 20150901123051.0
008 - ELEMENTOS DE LONGITUD FIJA—INFORMACION GENERAL
Campo de control 150901b2014 ck |||||r|||| 00| 0 spa d
020 ## - ISBN
ISBN 9786078328079
040 ## - FUENTE DE CATALOGACIÓN
Agencia catalogadora original CO-BoIAVH
Agencia transcriptora CO-BoIAVH
041 0# - IDIOMA
Código de idioma para texto/pista de sonido o título separado Español
044 ## - PAÍS DE PUBLICACIÓN
País de publicación México
082 04 - NUMERO DE CLASIFICACION DECIMAL DEWEY
Número de clasificación 577.30723
Número del ítem G89b
245 1# - MENCION DE TITULO
Título Bosques mesófilos de montaña de México:
Parte restante del título diversidad, ecología y manejo /
Mención de responsabilidad Compiladores: Martha Gual-Díaz y Alejandro Rendón-Correa
250 ## - MENCION DE EDICION
Mención de edición 1er. Edición
260 ## - PUBLICACION, DISTRIBUCION, ETC. (PIE DE IMPRENTA)
Lugar de publicación, distribución, etc. México D.F. (México):
Nombre del editor, distribuidor, etc. Comisión nacional para el Conocimiento y Uso de la Biodiversidad (CONABIO),
Fecha de publicación, distribución, etc. 2014.
300 ## - DESCRIPCION FISICA
Extensión 352 p,
Otros detalles físicos ilustraciones y fotografías a color
Dimensiones 23 cm.
Material acompañante CD-ROM
500 ## - NOTA GENERAL
Nota general Incluye anexos en CD-ROM.
504 ## - NOTA DE BIBLIOGRAFIA, ETC.
Nota de bibliografía Incluye referencias bibliográficas.
505 0# - NOTA DE CONTENIDO
Nota de contenido Los bosques mesófilos de montaña en México.<br/>Sistema de información del bosque mesófilo de montaña en México: recopilación sistematización de datos e información.<br/>El bosque mesófilo de montaña: un ecosistema prioritario amenazado.<br/>Ecología y manejo de los bosques mesófilos de montaña en México.<br/>Las plantas vasculares de los bosques mesófilos de montaña en México.<br/>Licopodios y helechos en el bosque mesófilo de montaña de México.<br/>El bosque mesófilo de montaña en México y sus plantas con flores. <br/>Fauna de los bosques mesófilos de montaña.<br/>Anfibios en el bosque mesófilo de montaña en México.<br/>Reptiles en el bosque mesófilo de montaña de México.<br/>La importancia de las aves del bosque mesófilo de montaña de México.<br/>Mamíferos del bosque mesófilo de montaña en México.<br/>Conservar los bosques mesófilos de montaña, un proceso de educación y capacitación ambiental.
650 #6 - ASIENTO SECUNDARIO DE MATERIA - TERMINO TEMATICO
Término temático o nombre geográfico como elemento de entrada Biodiversidad en bosques
Subdivisión geográfica México
9 (RLIN) 37861
650 #6 - ASIENTO SECUNDARIO DE MATERIA - TERMINO TEMATICO
Término temático o nombre geográfico como elemento de entrada Ecología de bosques
Subdivisión geográfica México
9 (RLIN) 37862
650 #4 - ASIENTO SECUNDARIO DE MATERIA - TERMINO TEMATICO
Término temático o nombre geográfico como elemento de entrada Bosques Mesófilos
Subdivisión geográfica México
9 (RLIN) 37863
650 #4 - ASIENTO SECUNDARIO DE MATERIA - TERMINO TEMATICO
Término temático o nombre geográfico como elemento de entrada Bosques Mesófilos
Subdivisión general Fauna
Subdivisión geográfica México
9 (RLIN) 37864
650 #4 - ASIENTO SECUNDARIO DE MATERIA - TERMINO TEMATICO
Término temático o nombre geográfico como elemento de entrada Bosques Mesófilos
Subdivisión general Flora
Subdivisión geográfica México
9 (RLIN) 37865
700 1# - ASIENTO SECUNDARIO - NOMBRE PERSONAL
Nombre personal Gual-Díaz, Martha
Término de relación Compiladora
9 (RLIN) 37866
700 1# - ASIENTO SECUNDARIO - NOMBRE PERSONAL
Nombre personal Rendón-Correa, Alejandro
Término de relación Compilador
9 (RLIN) 37867
942 ## - ELEMENTOS ADICIONALES (KOHA)
Sistema de clasificación Dewey Decimal Classification
Tipo de ítem Libro
Existencias
Withdrawn status Lost status Sistema de Clasificación Damaged status No para préstamo Colección Inventariado Ubicación Permanente Ubicación actual Fecha de adquisición Fuente de Valor Valor Total Checkouts Número topográfico Inventario / Código de Barras Date last seen Ejemplar Price effective from Forma de adquisición Tipo de material Public note
    Dewey Decimal Classification     General Inventariado 2017 Bogotá Bogotá 01/09/2015 Instituto 39000.00   LB-577.30723 G89b 038750 01/09/2015 Ej. 1 01/09/2015   Libro Incluye CD-ROM con Anexos (Cod. 038751).